EQUITY ASSET VALUATION WORKBOOK (Record no. 20175)
[ view plain ]
| 000 -LEADER | |
|---|---|
| fixed length control field | 00338nam a2200145Ia 4500 |
| 008 - FIXED-LENGTH DATA ELEMENTS--GENERAL INFORMATION | |
| fixed length control field | 240624s9999 xx 000 0 und d |
| 041 ## - LANGUAGE CODE | |
| Language code of text/sound track or separate title | eng |
| 082 ## - DEWEY DECIMAL CLASSIFICATION NUMBER | |
| Classification number | 332.63 PIN |
| 100 ## - MAIN ENTRY--PERSONAL NAME | |
| Personal name | PINTO JERALD E |
| 245 ## - TITLE STATEMENT | |
| Title | EQUITY ASSET VALUATION WORKBOOK |
| 250 ## - EDITION STATEMENT | |
| Edition statement | (2nd ed.) |
| 260 ## - PUBLICATION, DISTRIBUTION, ETC. | |
| Date of publication, distribution, etc. | 2010 |
| Place of publication, distribution, etc. | Sons,2010 |
| 300 ## - PHYSICAL DESCRIPTION | |
| Extent | 128 : p. |
| 365 ## - TRADE PRICE | |
| Currency code | |
| Price amount | 30 |
| Withdrawn status | Lost status | Damaged status | Not for loan | Home library | Current library | Shelving location | Date acquired | Source of acquisition | Cost, normal purchase price | Total Checkouts | Full call number | Barcode | Date due | Date last seen | Date last checked out | Copy number | Price effective from | Koha item type |
|---|---|---|---|---|---|---|---|---|---|---|---|---|---|---|---|---|---|---|
| IMTN | IMTN | Rack 11-A | 10/10/2012 | IBH | 39.95 | 1 | 332.63 PIN | 20175 | 01/19/2026 | 01/09/2026 | 01/09/2026 | 57.5 | 06/24/2024 | Books |